| 000 | 00778nam a22002177a 4500 | ||
|---|---|---|---|
| 005 | 20240530110914.0 | ||
| 008 | 220221s1985 ua c g b 000 0 ara d | ||
| 017 | _bمصر. دار الكتب | ||
| 040 |
_aEG-CaGPL _cEG-CaGPL |
||
| 082 | 0 | 4 |
_221 _a416 / _bن ع |
| 100 | 0 | _aابى نصر اسماعيل بن حماد الجوهرى | |
| 245 | 1 | 0 |
_aعروض الورقة / _cابى نصر اسماعيل بن حماد الجوهرى |
| 260 |
_aالرياض : _bمطبوعات نادى مكة الثقافى ، _c1985 |
||
| 300 |
_c24 _a128 |
||
| 650 |
_aاللغة العربية _2qrmak |
||
| 650 |
_aالعروض _2qrmak |
||
| 651 | _2qrmak | ||
| 700 |
_aصالح جمال بدوى _eتقديم |
||
| 942 |
_2ddc _cBK |
||
| 999 |
_c66360 _d66360 |
||